000 00967nam a2200253 i 4500
001 184789
003 ES-MaACL
005 20250930063157.0
008 160104s2012 sp a |||| | cat d
020 _a978-84-615-8346-1
080 _a811.134.1'373.6(460.32)
100 1 _aGarau Rosselló, Mikèl,
_d1950-
_953931
245 1 0 _aBalear
_b: la lengua vernácula de Baleares /
_cMikèl Garau Rosselló.
260 _a[Palma de Mallorca] :
_bAcadèmi de sa Llengo Baléà,
_c2012 (
_eSevilla :
_f)
300 _a126 p. :
_bil. ;
_c21 cm.
504 _aBibliografía: p. 124-126.
650 7 _aLengua catalana-
_zBaleares (Comunidad Autónoma)
_914109
710 2 _aAcadèmi de sa Lléngo Baléà.
_91139
852 _aES-MaACL
_jA-13539
_9191804
_bR.150802
_cDEPO1
_dOlim: N-6539
_hDonacion: Real Academia Española
914 _96336
_aReal Academia Española
942 _2udc
_cMONOGRAFIA
999 _c184789
_d184789